000 00252nam a22001217a 4500
003 SGT
082 _a954
_bP72M
100 _aMANKEKAR, D.R.
245 _aPAKISTAN: CUT TO SIZE
260 _bINDIAN BOOK COMPANY
_c1972
300 _a175
942 _2ddc
_cBK
999 _c31898
_d31898